000 00551cam a2200145 4500500
005 20260208010538.0
041 _afre
042 _adc
100 1 0 _aAdam, Michel
_eauthor
245 0 0 _aG. V. Tagare, The Pratyabhijña Philosophy, Delhi, Motilal Banarsidass Publishers, 2002, XVI-166 p.
260 _c2005.
500 _a8
786 0 _nRevue philosophique de la France et de l'étranger | 130 | 1 | 2005-03-01 | p. 77n-130n | 0035-3833
856 4 1 _uhttps://shs.cairn.info/revue-philosophique-2005-1-page-77n?lang=fr&redirect-ssocas=7080
999 _c1657053
_d1657053